Vista normal Vista MARC

Entrada Materia (personas)

Número de registros utilizados en: 1

001 - CONTROL NUMBER

  • control field: 67599

003 - CONTROL NUMBER IDENTIFIER

  • control field: Co-BoUCM

005 - DATE AND TIME OF LATEST TRANSACTION

  • control field: 20150218113217.0

008 - FIXED-LENGTH DATA ELEMENTS

  • fixed length control field: 150218|| aca||aabn | a|a d

040 ## - CATALOGING SOURCE

  • Original cataloging agency: Co-BoUCM
  • Transcribing agency: Co-BoUCM

100 ## - HEADING--PERSONAL NAME

  • Personal name: Del Carril, Bonifacio

670 ## - SOURCE DATA FOUND

  • Source citation: Work cat.: (Co-BoUCM)64809: Camus, Albert 1913-1960 67598, El extranjero, 2009